00599nam a2200157Ia 4500008004100000100002000041245009100061245005600152260003000208260000900238650001800247650001500265856006900280999001900349952007300368170221s9999 xx 000 0 und d aKehret, Oliver. 2aA Network Emulation Testbed for Complex Topologies of Wired M-Bus According to EN13759 cOliver Kehret, Manuel Schappacher, and Axel Sikora. bJournal of Communications c2013 xCommunication xMedia Arts uhttp://www.jocm.us/index.php?m=content&c=index&a=lists&catid=166 c310538d310538 001040aCLbCLd2017-02-21l0r2017-02-21 00:00:00w2017-02-21yFOJ